| 000 | 01237nam0a2200313 4500 | ||
|---|---|---|---|
| 001 | RU\NLR\BIBL_A\022391010 | ||
| 005 | 20250114111917.0 | ||
| 010 |
_a978-5-7429-1583-6 _91000 |
||
| 021 |
_aRU _bКН-П-24-064162 _9КН-П-24-6377 |
||
| 035 | _a(NLR Aleph) 022391010 | ||
| 090 |
_a13332177 _c13332177 |
||
| 100 | _a20241126d2024 u y0rusy50 ca | ||
| 101 | 0 | _arus | |
| 102 | _aRU | ||
| 105 | _aac w 000yb | ||
| 181 | 0 |
_ai3 _baxxe |
|
| 182 | 0 | _an | |
| 200 | 1 |
_aВоспоминания о протоиерее Всеволоде Шпиллере _e[сборник] |
|
| 203 |
_aТекст _bвизуальный _cнепосредственный |
||
| 210 |
_aМосква _cПСТГУ _d2024 |
||
| 215 |
_a318, [1] с. _cил., портр. _d21 |
||
| 600 | 1 |
_aШпиллер _bВ.Д. _f1902 - 1984 _gВсеволод Дмитриевич _jВоспоминания, записки и т.п _92119448 _3RU\NLR\AUTH\661280011 |
|
| 686 | 2 | _aЭ372.24-373-028,13 | |
| 700 | 1 |
_4280 _7ca _8rus _aШпиллер _bВ. Д. _f1902-1984 _gВсеволод Дмитриевич _95504 _3RU\NLR\AUTH\7722446 |
|
| 942 | _cBOOK | ||
| 980 | _aNB | ||